Subte / Metro Stations of Buenos Aires - Statistics

General Stats
  • This quiz has been taken 580 times
  • The average score is 51 of 108
Answer Stats
Answer % Correct
Congreso
87%
Retiro
87%
Constitución
84%
Palermo
83%
Callao
80%
Catedral
80%
9 de Julio
79%
Facultad de Medicina
79%
Plaza de Mayo
78%
Plaza Italia
77%
Pueyrredón
77%
Congreso de Tucumán
75%
Facultad de Derecho
74%
Hospitales
74%
Juan Manuel de Rosas
71%
Leandro N. Alem
71%
Corrientes
69%
Bulnes
68%
Santa Fe - Carlos Jáuregui
68%
Tribunales
68%
Agüero
67%
San Pedrito
67%
Once - 30 de Diciembre
66%
Córdoba
65%
Juramento
65%
Scalabrini Ortiz
65%
Perú
63%
General San Martín
62%
Florida
61%
Independencia
61%
Las Heras
61%
Uruguay
61%
Belgrano
60%
Carlos Gardel
60%
Lima
60%
Ministro Carranza
60%
Olleros
60%
José Hernández
58%
Diagonal Norte
57%
San José
57%
Plaza de los Virreyes - Eva Perón
56%
Plaza Miserere
56%
Puán
56%
Río de Janeiro
55%
San Juan
54%
Avenida de Mayo
52%
Carlos Pellegrini
52%
Carabobo
51%
Federico Lacroze
51%
Medrano
51%
Pasco
50%
Pasteur - AMIA
49%
Primera Junta
49%
Acoyte
48%
Jose María Moreno
48%
Lavalle
48%
Piedras
48%
Alberti
47%
Boedo
47%
Malabia - Osvaldo Pugliese
47%
Jujuy
46%
Ángel Gallardo
45%
Catalinas
45%
Bolívar
44%
Correo Central
44%
Moreno
44%
Dorrego
43%
Parque Patricios
42%
Venezuela
42%
Entre Rios - Rodolfo Walsh
41%
Loria
39%
San José de Flores
39%
General Urquiza
38%
Emilio Mitre
37%
Medalla Milagrosa
37%
Sáenz Peña
37%
Castro Barros
35%
Echeverría
35%
Tronador - Villa Ortúzar
35%
Inclán
31%
Caseros
29%
Los Incas - Parque Chas
29%
Avenida La Plata
28%
Pichincha
27%
Varela
26%
Humberto I
15%
Centro Cívico
9%
Intendente Saguier
9%
General Savio
8%
Presidente Illia
6%
Ana María Janer
5%
Parque de la Ciudad
5%
Fernández de la Cruz
4%
Ana Díaz
3%
Balbastro
3%
Fátima
3%
Larrazabal
3%
Cecilia Grierson
2%
Escalada
2%
Gabino Ezeiza
2%
Mariano Acosta
2%
Pola
2%
Somellera
2%
Nicolás Descalzi
1%
No matching quizzes found
Score Distribution
Percent of People with Each Score
Percentile by Number Answered
Your Score History
You have not taken this quiz